00387nam a2200121Ia 4500008004100000245007200041260004500113260000900158300000900167500001300176650001300189856006300202170516s9999 xx 000 0 und d aIP4 - Establishing acceptance limits for uniformity of dosage units bAsian Journal of Pharmaceutical Sciences c2016 a11:1 aFebruary xPharmacy uhttp://www.sciencedirect.com/science/journal/18180876/11/1